| 000 | 01173cam a2200313 i 4500 | ||
|---|---|---|---|
| 001 | 24763 | ||
| 003 | Mx-PuUPA | ||
| 005 | 20250512151525.0 | ||
| 008 | 140415s1985 mx gr 000 0 spa d | ||
| 040 |
_aMx-PuUPA _bspa _cMx-PuUPA _dMx-PuUPA _erda |
||
| 041 | 0 | _aspa | |
| 043 | _acl----- | ||
| 100 | 1 |
_aJiménez, José Heliodoro, _916904 _eautor |
|
| 245 | 1 | 3 |
_aLa ciencia de la comunicación en América Latina / _cJosé Heliodoro Jiménez |
| 250 | _a2a. edición | ||
| 264 | 1 |
_aMéxico, D.F. : _bEdiciones Quinto Sol, _c1985 |
|
| 300 |
_a107 páginas : _bilustraciones ; _c21 cm |
||
| 336 |
_2rdacontent _atexto _btxt |
||
| 337 |
_2rdamedia _asin medio _bn |
||
| 338 |
_2rdacarrier _avolumen _bnc |
||
| 650 | 7 |
_2armarc _aComunicación _zLatinoamérica _xEstudios y enseñanza |
|
| 650 | 7 |
_2armarc _aComunicación masiva _zLatinoamérica _xHistoria |
|
| 650 | 7 |
_2armarc _aMedios de comunicación _zAmérica Latina _xHistoria |
|
| 650 | 7 |
_2armarc _aMedios de comunicación de masas y cultura _zAmérica Latina |
|
| 651 | 4 |
_aAmérica Latina _xConsiciones políticas |
|
| 942 |
_2ddc _cLI _h302.23098 _iJ64 |
||
| 999 |
_c24763 _d24763 |
||